000 00307nam a22001337a 4500
020 _a978-1-59212-339-1
082 _a823
_bHUB/U
100 _aHUBBARD, L. RON
245 _aUNDER THE BLACK ENSIGN
260 _aHOLLYWOOD
_bGALAXY PRESS
_c2007
300 _a117
650 _aNOVEL
_zUNITED STATES
942 _cBK
999 _c3313
_d3313